| 000 | 00646cam a2200217 a 4500 | ||
|---|---|---|---|
| 001 | sa 68009755 | ||
| 003 | DLC | ||
| 005 | 20260227112546.0 | ||
| 008 | 040908s1966 ii 000 0 tamr | ||
| 010 | _asa 68009755 | ||
| 025 | _aPL480: I-T-2281 | ||
| 040 |
_aDLC _cDLC |
||
| 050 | 0 | 0 |
_aPL4758.9.T49 _bC5 1966 |
| 100 | 0 | _aTiruttakkatēvar. | |
| 245 | 1 | 0 |
_aCīvakacintāmaṇi / _ciyar̲r̲iyavar Tiruttakkatēvar ; uraiyāciriyar, Ñā. Māṇikkavācakam. |
| 250 | _a1. patippu. | ||
| 260 |
_aMaturai : _bAruṇā Patippakam, _c1966. |
||
| 300 |
_a2 v. in 1 ; _c18 cm. |
||
| 546 | _aIn Tamil. | ||
| 700 | 1 |
_aMaṇikkavācakam, Ñā., _d1930- |
|
| 999 |
_c83116 _d83116 |
||